00876cam a2200253 a 4500999001500000001000600015003000900021005001700030008004100047010001700088020001500105040002800120082002000148100002400168245011200192260003700304300004100341490002900382500002000411650004400431700001700475942001200492952011800504 c7488d748821272BD-DhUAP20210123125515.0210118s1978 nyua 001 0 eng  a 94026460  a007037984X aDLCcDLCdBD-DhUAPbeng00a005.133 MAY223 aLipschutz, Seymour.10aSchaum's outline of theory and problems of programming with Fortran 77 /cSeymour Lipschutz and Arthur Poe. aNew York :bMcGraw-Hill,cc1995. a314 pages :billustrations ;c28 cm.0 aSchaum's outline series. aIncludes index. 0aFORTRAN 77 (Computer program language). aPoe, Arthur. 2ddccBK 00102ddc4070aUAPCLbUAPCLcGeneral Stacksd2021-01-23o005.133 MAYp3010021272r2021-01-23t1w2021-01-23yBK